| 000 | 00472nam a2200169Ia 4500 | ||
|---|---|---|---|
| 003 | GCL | ||
| 008 | 140319s9999 xx 000 0 eng d | ||
| 040 |
_aGCL / _cGCL |
||
| 082 | 0 | 4 |
_a109.22 _bB E |
| 100 | 1 | _aMODGETTS,RICHARD | |
| 245 | 1 | 0 |
_aELEMENTS FOR MODERN PHILOSOPHY : DESCARTES THROUGH KANT / _cMODGETTS,RICHARD |
| 260 |
_a[S.N] : _bPRENTICE. HALL INERNATIONAL,INC. ، _c1989 |
||
| 300 | _a162 P | ||
| 650 | 0 | 4 | _aPHILOSOPHY |
| 650 | 0 | 4 | _aPERSONS |
| 942 |
_2ddc _cBK |
||
| 999 |
_c18595 _d18595 |
||